|
|
|
|
| LEADER |
00000cab a2200000 a 4500 |
| 001 |
vtls010810425 |
| 003 |
SK-MaSNL |
| 005 |
20260318114344.0 |
| 008 |
150807c2015 xo er p 000 c0ukr |
| 015 |
|
|
|a SNBRB2015/08
|
| 038 |
|
|
|a SVKPOCL
|
| 040 |
|
|
|a SVKPOCL
|b slo
|c SVKPOCL
|d SVKPOCL
|e AACR2
|
| 041 |
0 |
|
|a ukr
|
| 044 |
|
|
|a xo
|c SK
|
| 080 |
|
|
|a 80(=16)+908(4)
|2 2001
|
| 080 |
|
|
|a 80(=161.25)+908(437.6)
|2 2001
|
| 080 |
|
|
|a 316.022.4(=161.25)(437.6)
|2 2001
|
| 080 |
|
|
|a 502.51(285)
|2 2001
|
| 080 |
|
|
|a 341.43
|2 2001
|
| 100 |
1 |
|
|a Kuzmiaková, Anna,
|d 1949-
|4 aut
|9 210981
|
| 245 |
1 |
0 |
|a 35-ŷj rik od vŷselinja žŷteliv 7 sel Staryn'koj dolynŷ
|c [avtor] -akuz- ; foto archiv red.
|
| 300 |
|
|
|b Fotogr.
|
| 500 |
|
|
|a -akuz- pozri Kuzmjaková, Anna
|
| 500 |
|
|
|a V úvode článku sa nachádza úryvok z básne rusínskeho básnika Juraja Kolinčáka, starinského rodáka
|
| 648 |
|
7 |
|a 1980
|2 svkpocl
|9 279231
|
| 650 |
0 |
7 |
|a Rusíni
|z Slovensko
|2 svkpocl
|9 336690
|
| 650 |
0 |
7 |
|a rusinistika
|2 svkpocl
|9 90871
|
| 650 |
0 |
7 |
|a slavistika
|2 svkpocl
|9 4282
|
| 650 |
0 |
7 |
|a zatopené obce
|z Snina (Slovensko : okres)
|2 svkpocl
|9 1049605
|
| 650 |
0 |
7 |
|a nútené vysťahovanie
|2 svkpocl
|9 997
|
| 650 |
0 |
7 |
|a vodné nádrže
|2 svkpocl
|9 4190
|
| 651 |
|
7 |
|a Starina (Slovensko : vodná nádrž)
|2 svkpocl
|9 16105
|
| 651 |
|
7 |
|a Starina (Snina, Slovensko : zaniknutá obec)
|2 SNKPHgeo
|9 157546
|
| 651 |
|
7 |
|a Dara (Slovensko : zaniknutá obec)
|2 svkpocl
|9 23783
|
| 651 |
|
7 |
|a Ostružnica (Slovensko)
|2 svkpocl
|9 1624226
|
| 651 |
|
7 |
|a Ruské (Slovensko : zaniknutá obec)
|2 svkpocl
|9 51229
|
| 651 |
|
7 |
|a Veľká Poľana (Slovensko : zaniknutá obec)
|2 svkpocl
|9 59832
|
| 651 |
|
7 |
|a Zvala (Slovensko : zaniknutá obec)
|2 svkpocl
|9 89500
|
| 651 |
|
7 |
|a Snina (Slovensko : okres)
|2 svkpocl
|9 56337
|
| 651 |
|
7 |
|a Smolník (Snina, Slovensko : zaniknutá obec)
|2 SNKPHgeo
|9 192509
|
| 700 |
1 |
|
|a Kolinčák, Juraj,
|d 1909-1984
|4 aut
|9 61097
|
| 740 |
0 |
2 |
|a Pud Beskydom zelenen'kym sadŷ rozkvitaly ...
|
| 773 |
0 |
|
|t Info Rusyn
|g Roč. XII , č. 11 (2015), s. 1 a 2
|
| 852 |
|
|
|a SVKPO
|b KIS3GCP
|
| 856 |
4 |
1 |
|u www.rusyn.sk
|
| 958 |
|
|
|a RN
|
| 958 |
|
|
|a SK
|
| 958 |
|
|
|a SS
|
| 999 |
|
|
|c 3350721
|d 3352651
|